<?xml version="1.0" encoding="UTF-8"?><?xml-stylesheet type="text/xsl" href="static/style.xsl"?><OAI-PMH xmlns="http://www.openarchives.org/OAI/2.0/" xmlns:xsi="http://www.w3.org/2001/XMLSchema-instance" xsi:schemaLocation="http://www.openarchives.org/OAI/2.0/ http://www.openarchives.org/OAI/2.0/OAI-PMH.xsd"><responseDate>2026-06-02T02:14:01Z</responseDate><request verb="GetRecord" identifier="oai:riuma.uma.es:10630/31186" metadataPrefix="marc">https://riuma.uma.es/rest/oai/request</request><GetRecord><record><header><identifier>oai:riuma.uma.es:10630/31186</identifier><datestamp>2026-02-03T11:05:38Z</datestamp><setSpec>com_10630_2254</setSpec><setSpec>col_10630_37953</setSpec></header><metadata><record xmlns="http://www.loc.gov/MARC21/slim" xmlns:dcterms="http://purl.org/dc/terms/" xmlns:doc="http://www.lyncode.com/xoai" xmlns:xsi="http://www.w3.org/2001/XMLSchema-instance" xsi:schemaLocation="http://www.loc.gov/MARC21/slim http://www.loc.gov/standards/marcxml/schema/MARC21slim.xsd">
   <leader>00925njm 22002777a 4500</leader>
   <datafield ind2=" " ind1=" " tag="042">
      <subfield code="a">dc</subfield>
   </datafield>
   <datafield ind2=" " ind1=" " tag="720">
      <subfield code="a">Gutiérrez Barranquero, José Antonio</subfield>
      <subfield code="e">author</subfield>
   </datafield>
   <datafield ind2=" " ind1=" " tag="720">
      <subfield code="a">Carrión Bravo, Víctor José</subfield>
      <subfield code="e">author</subfield>
   </datafield>
   <datafield ind2=" " ind1=" " tag="720">
      <subfield code="a">Murillo, Jesús</subfield>
      <subfield code="e">author</subfield>
   </datafield>
   <datafield ind2=" " ind1=" " tag="720">
      <subfield code="a">Arrebola-Díez, Eva María</subfield>
      <subfield code="e">author</subfield>
   </datafield>
   <datafield ind2=" " ind1=" " tag="720">
      <subfield code="a">Arnold, Dawn L.</subfield>
      <subfield code="e">author</subfield>
   </datafield>
   <datafield ind2=" " ind1=" " tag="720">
      <subfield code="a">Cazorla-López, Francisco Manuel</subfield>
      <subfield code="e">author</subfield>
   </datafield>
   <datafield ind2=" " ind1=" " tag="720">
      <subfield code="a">De-Vicente-Moreno, Antonio</subfield>
      <subfield code="e">author</subfield>
   </datafield>
   <datafield ind2=" " ind1=" " tag="260">
      <subfield code="c">2013-10-08</subfield>
   </datafield>
   <datafield ind2=" " ind1=" " tag="520">
      <subfield code="a">Pseudomonas syringae pv. syringae, the causal agent of bacterial apical necrosis (BAN) in mango crops, has been isolated in different mango-producing areas worldwide. An extensive collection of 87 P. syringae pv. syringae strains isolated from mango trees affected by BAN from different countries, but mainly from Southern Spain, were initially examined by repetitive sequence-based polymerase chain reaction (rep-PCR) to analyze the genetic diversity with an epidemiological aim. rep-PCR was powerful in assessing intrapathovar distribution and also allowing clustering of the P. syringae pv. syringae strains isolated from mango, depending on the isolation area. A clear pattern of clustering was observed for all the P. syringae pv. syringae strains isolated from mango distinct from strains from other hosts, including strains for the same geographical regions as the mango isolates. For this reason, a representative group of 51 P. syringae pv. syringae strains isolated from mango and other hosts, as well as some P. syringae strains from other pathovars, were further characterized to determine their possible genetic, phenotypic, and phylogenetic relationships. Similar to the rep-PCR results, the randomly amplified polymorphic DNA PCR (RAPD-PCR) and catabolic diversity analysis using the Biolog GN2 profile grouped 90% of the mango isolates together in a unique cluster. Interestingly, the majority of P. syringae pv. syringae strains isolated from mango produced mangotoxin. The analysis of the phylogenetic distribution using the multilocus sequence typing analysis strongly supports the existence of a differentiated phylotype of the pathovar syringae mainly associated with the mango host and characterized by the mangotoxin production.</subfield>
   </datafield>
   <datafield ind1="8" ind2=" " tag="024">
      <subfield code="a">Gutiérrez-Barranquero JA, Carrión VJ, Murillo J, Arrebola E, Arnold DL, Cazorla FM, de Vicente A. 2013. A Pseudomonas syringae diversity survey reveals a differentiated phylotype of the pathovar syringae associated with the mango host and mangotoxin production. Phytopathology. 103(11):1115-29.</subfield>
   </datafield>
   <datafield ind1="8" ind2=" " tag="024">
      <subfield code="a">https://hdl.handle.net/10630/31186</subfield>
   </datafield>
   <datafield ind1="8" ind2=" " tag="024">
      <subfield code="a">10.1094/PHYTO-04-13-0093-R</subfield>
   </datafield>
   <datafield tag="653" ind2=" " ind1=" ">
      <subfield code="a">Pseudomonas</subfield>
   </datafield>
   <datafield tag="653" ind2=" " ind1=" ">
      <subfield code="a">Bacillus (Bacteria)</subfield>
   </datafield>
   <datafield tag="653" ind2=" " ind1=" ">
      <subfield code="a">Mangos</subfield>
   </datafield>
   <datafield tag="653" ind2=" " ind1=" ">
      <subfield code="a">Plantas - Enfermedades bacterianas</subfield>
   </datafield>
   <datafield ind2="0" ind1="0" tag="245">
      <subfield code="a">A Pseudomonas syringae diversity survey reveals a differentiated phylotype of the pathovar syringae associated with the mango host and mangotoxin production.</subfield>
   </datafield>
</record>
</metadata></record></GetRecord></OAI-PMH>